000 00723nam a2200181Ia 4500
008 151202s9999||||xx |||||||||||||| ||und||
082 _bPNVM-63887
100 _aअष्टीकर मंदाकिनी.
245 _aबहरला वृक्ष शृंगारली वेल.
260 _bनिशिगंाा प्रकाशन पुणे.
260 _c63887
300 _a240
600 _aअष्टीकर मंदाकिनी.
630 _aबहरला वृक्ष शृंगारली वेल.
700 _aअष्टीकर मंदाकिनी.
730 _aबहरला वृक्ष शृंगारली वेल.
942 _cBOOK
999 _c1330421
_d1330418